सत्य और साहस / (Record no. 62498)

MARC details
000 -LEADER
fixed length control field 00810 aa a2200229 4500
005 - DATE AND TIME OF LATEST TRANSACTION
control field 20120210124841.0
010 ## - LCCN (DPL NO)
LC control number
020 ## - INTERNATIONAL STANDARD BOOK NUMBER
International Standard Book Number 8171822592
Terms of availability 150.00
035 ## - SYSTEM CONTROL NUMBER
System control number B-111477
037 ## - SOURCE OF ACQUISITION
Source of stock number/acquisition
082 ## - DEWEY DECIMAL CLASSIFICATION NUMBER
Classification number 181.499
100 ## - MAIN ENTRY--PERSONAL NAME
Personal name रजनीश
245 ## - TITLE STATEMENT
Title सत्य और साहस /
Statement of responsibility, etc रजनीश
Remainder of title
246 ## - VARYING FORM OF TITLE
Title proper/short title
260 ## - PUBLICATION, DISTRIBUTION, ETC. (IMPRINT)
Place of publication, distribution, etc नई दिल्ली
Name of publisher, distributor, etc डायमंड पॉकेट बुक्स
Date of publication, distribution, etc 2004
270 ## - ADDRESS
Address
City
Postal code
300 ## - PHYSICAL DESCRIPTION
Extent 363पृ.
Dimensions 22सेमी (सजिल्द)
500 ## - GENERAL NOTE
General note
650 ## - SUBJECT ADDED ENTRY--TOPICAL TERM
Topical term or geographic name as entry element प्रवचन
942 ## - ADDED ENTRY ELEMENTS (KOHA)
Institution code [OBSOLETE] dpl
Item type Hindi Books
Source of classification or shelving scheme Dewey Decimal Classification
Classification part 181.499
Call number suffix रजनी
Holdings
Withdrawn status Lost status Not for loan Collection code Home library Current library Date acquired Cost, normal purchase price Full call number Barcode Cost, replacement price Koha item type
      Non-fiction Sarojini Nagar Sarojini Nagar 10/02/2012 150.00 181.499 रजनी B-111477 150.00 Hindi Books

© Delhi Public Library
Hit Counter
free hit counter